Wild Kratts Characters Quiz - Statistics

General Stats
  • This quiz has been taken 57 times
  • The average score is 8 of 10
Answer Stats
Picture Answer % Correct
Chris
98%
Martin
98%
Zach Varmitech
87%
Aviva
85%
Jimmy
83%
Koki
77%
Gourmand
65%
Donita Donata
63%
Dabio
60%
Paisley Paver
58%
No matching quizzes found
Score Distribution
Percent of People with Each Score
Percentile by Number Answered
Your Score History
You have not taken this quiz